Roblox Players - Statistics

General Stats
  • This quiz has been taken 24 times
    22 since last reset
  • The average score is 4 of 12
Answer Stats
Picture Hint Answer % Correct
Grow a Garden Jandel
95%
Steal a Brainrot SpyderSammy
86%
Natural Disaster Survival Stickmasterluke
59%
Real Owner Roblox
50%
Please Donate haz3mn
41%
Better Country MajorGalah
9%
It's Me! Westminster Pierre
9%
Pierre's Brother Avery
5%
🇩🇪German🇩🇪 purin
5%
🇹🇬Togolese🇹🇬, Pierre's Friend Treston
5%
🇮🇳Indian🇮🇳 vexor
5%
Helped MajorGalah in Better Country Westoid
5%
No matching quizzes found
Score Distribution
Percent of People with Each Score
Percentile by Number Answered
Your Score History
You have not taken this quiz since the last reset